|
|
|
|
| LEADER |
00797nam a2200229 a 4500 |
| 001 |
GR-Patra141 |
| 008 |
991022s1984 enk 000 b eng d |
| 020 |
|
|
|a 0435682709
|
| 040 |
|
|
|a GrPaTEI
|b gre
|c GR-PaULI
|
| 245 |
0 |
0 |
|a Rotational dynamics.
|
| 260 |
|
|
|a London :
|b Heinemann,
|c 1984
|
| 300 |
|
|
|a vii, 70σ. :
|b εικ.
|
| 490 |
1 |
|
|a Options in physics
|
| 650 |
|
4 |
|a ΜΗΧΑΝΙΚΗ
|
| 650 |
|
4 |
|a ΜΗΧΑΝΙΚΗ
|
| 700 |
1 |
|
|a McGillivray, Donald
|
| 710 |
0 |
|
|a Heinemann
|
| 830 |
|
0 |
|1 00111575
|1 2001
|a Options in physics
|
| 942 |
|
|
|2 ddc
|
| 952 |
|
|
|0 0
|1 0
|2 ddc
|4 0
|6 531_340000000000000_MCG
|7 0
|9 280587
|a LISK
|b LISK
|c BSC
|d 2021-01-17
|e 24
|f 0
|g 0.00
|l 0
|o 531.34 McG
|p 92410087
|r 2021-01-17 00:00:00
|t 1
|w 2021-01-17
|y BK15
|x 19991024 0 1
|x GrPaTEI
|
| 971 |
|
|
|a .b26476356
|b 15-04-20
|c 23-09-16
|
| 999 |
|
|
|c 163470
|d 163470
|